100 Most Common Langues In The World - Statistics

General Stats
  • This quiz has been taken 377 times
  • The average score is 29 of 100
Answer Stats
# Answer % Correct
3 English
96%
19 French
92%
1 Spanish
87%
9 Mandarin
82%
13 German
79%
5 Russian
79%
23 Italian
78%
8 Portuguese
77%
4 Arabic
76%
11 Japanese
74%
2 Hindi
66%
18 Korean
65%
56 Dutch
64%
22 Turkish
63%
91 Swedish
61%
75 Greek
60%
30 Polish
58%
40 Ukrainian
57%
25 Thai
55%
17 Vietnamese
55%
58 Serbo-Croatian
51%
16 Malay
49%
49 Romanian
49%
29 Persian
47%
10 Bengali
44%
42 Tagalog
43%
7 Urdu
43%
92 Hmong
41%
24 Yue
40%
83 Czech
38%
73 Hungarian
38%
65 Khmer
38%
79 Kazakh
37%
21 Tamil
37%
82 Zulu
36%
61 Nepali
33%
31 Pashto
33%
45 Uzbek
33%
12 Punjabi
32%
98 Belarusian
31%
38 Burmese
31%
66 Turkmen
29%
69 Somali
27%
52 Azerbaijani
26%
15 Wu
26%
57 Kurdish
24%
20 Marathi
24%
97 Xhosa
24%
14 Javanese
23%
6 Telugu
23%
47 Amharic
22%
26 Gujarati
22%
43 Yoruba
22%
51 Igbo
21%
32 Kannada
19%
34 Malayalam
19%
36 Hausa
18%
89 Quechua
17%
62 Sinhala
16%
39 Hakka
15%
86 Haitian Creole
14%
37 Odia
13%
50 Oromo
13%
46 Sindhi
13%
35 Sundanese
13%
94 Uyghur
13%
59 Malagasy
12%
67 Assamese
11%
27 Jin
11%
99 Balochi
9%
55 Cebuano
9%
48 Fula
9%
84 Kinyarwanda
9%
44 Maithili
9%
33 Xiang
9%
41 Bhojpuri
8%
54 Gan
8%
90 Kirundi
8%
93 Shona
8%
28 Southern Min
7%
76 Chewa
6%
78 Akan
5%
100 Konkani
5%
71 Magahi
5%
88 Ilocano
4%
64 Zhuang
4%
53 Awadhi
3%
74 Chhattisgarhi
3%
63 Chittagonian
3%
72 Haryanvi
3%
70 Marwari
3%
96 Mossi
3%
80 Northern Min
3%
87 Eastern Min
2%
95 Hiligaynon
2%
68 Madurese
2%
60 Saraiki
2%
81 Sylheti
2%
77 Deccan Marathi
1%
85 Dhundari
1%
No matching quizzes found
Score Distribution
Percent of People with Each Score
Percentile by Number Answered
Your Score History
You have not taken this quiz